| 000 | 00427nam a2200133Ia 4500 | ||
|---|---|---|---|
| 008 | 250506s9999 xx 000 0 und d | ||
| 024 | _a15B-80-EL, 15B-144-EL, 15B-207-EL & 15B-255-EL | ||
| 082 | _a629.8072 ASM | ||
| 100 | _aAsma Zia, Huda Aleem, Saveeba jahan & Asma Ather | ||
| 245 | 0 | _aSmart Door Lock | |
| 260 |
_aKarachi: _bUIT, _c2015 |
||
| 600 | _aComputer System Engineering | ||
| 650 | _aBachelor of Engineering (BE) | ||
| 999 |
_c27799 _d27799 |
||